000 00691nam a2200205Ii 4500
003 JO-AjNU
008 230605s9999||||xx |||||||||||||| ||und||
017 _a2008/10/3648
040 _aJO-AjNU
_bara
_erda
_cJO-AjNU
041 _aara
050 1 4 _aPJ7750.M8.A6 2008
100 3 _aتأليف أدونيس,
_eauthor
_949098
245 0 0 _aالدهر المنشد: المتنبي إختارها أدونيس
264 3 1 _aعمان:وزارة الثقافة،2008
300 _a102ص
336 _atext
_btxt
_2rdacontent
337 _aunmediated
_bn
_2rdamedia
338 _avolume
_bnc
_2rdacarrier
650 4 _a الشعر العربي العصر العباسي - المتنبي
_949099
999 _aA21544
_c25112
_d25112